Statistiques concernant Top 100 Letterboxd

Cliquez ici pour prendre le quiz!

Statistiques générales

  • Ce quiz a été pris 39 fois
  • Le résultat moyen est 14 sur 100

Statistiques - réponses

AnnéePaysRéponse% Correct
72019Corée du sudParasite
91%
81972USAThe Godfather
60%
51974USAThe Godfather: Part II
51%
11962JaponHarakiri
43%
592003Corée du sudOldboy
43%
982014USAInterstellar
40%
482003Corée du sudMemories of Murder
37%
161995FranceLa Haine
34%
232008USAThe Dark Knight
34%
201966ItalieThe Good, the Bad and the Ugly
34%
122024USADune: Part two
31%
221990USAGoodfellas
31%
141993USASchindler's List
31%
192003USAThe Lord of the Rings: the Return of the King
31%
101994USAThe Shawshank Redemption
31%
132002BrésilCity of God
29%
21985RussieCome and See
29%
501980USAThe Empire Strikes Back
29%
722001USAThe Lord of the Rings: The Fellowship of the Rings
29%
612002USAThe Lord of the Rings: The Two Towers
29%
522000Hong-KongIn the Mood for Love
26%
601946USAI'ts a Wonderful Life
26%
961997ItalieLife is Beautiful
26%
31957USA12 Angry Men
23%
171985JaponRan
20%
41954JaponSeven Samurai
20%
242023USASpider-Man: Across the Spider-Verse
20%
422018USASpider-Man: Into the Spider-Verse
20%
991991USAThe Silence of the Lambs
20%
402014USAWhiplash
20%
331979USAApocalypse Now
17%
631968ItalieOnce Upon a Time in the West
17%
781975USAOne Flew Over the Cuckoo's Nest
14%
451966SuèdePersona
14%
851957SuèdeThe Seventh Seal
14%
112000TaiwanYi Yi
14%
311988ItalieCinema Paradiso
11%
291988JaponGrave of the Fireflies
11%
61963JaponHigh and Low
11%
151952JaponIkiru
11%
532010CanadaIncendies
11%
912009USAInglorious Basterds
11%
1002007USANo Country for Old Men
11%
352019FrancePortrait of a Lady on Fire
11%
262001JaponSpirited Away
11%
391979RussieStalker
11%
211959JaponThe Human Condition: Part I
11%
91961JaponThe Human Condition: Part III
11%
272007USAThere Will be Blood
11%
181991TaiwanA Brighter Summer Day
9%
431966RussieAndrei Rublev
9%
301978SuèdeAutumn Sonata
9%
581975Royaume-UniBarry Lyndon
9%
831964CubaI am Cuba
9%
861975RussieMirror
9%
251997JaponNeon Genesis Evangelion
9%
281957USAPaths of Glory
9%
541997JaponPerfect Blue
9%
511959JaponThe Human Condition II: Road to Eternity
9%
381953JaponTokyo Story
9%
841998GrèceEternity and a Day
6%
361960FranceLe Trou
6%
461985JaponMishima: A Life in Four Chapters
6%
561984AllemagneParis, Texas
6%
691954USARear Window
6%
731994HongrieSatantango
6%
341950USASunset Boulevard
6%
651966ItalieThe Battle of Algiers
6%
472016Corée du sudThe Handmaiden
6%
641948Royaume-UniThe Red Shoes
6%
321964JaponWoman in the Dunes
6%
871956FranceA Man Escaped
3%
752011IranA Separation
3%
441990IranClose-Up
3%
922004JaponNobody Knows
3%
701997JaponPrincess Mononoke
3%
371960USAThe Apartment
3%
571957RussieThe Cranes Are Flying
3%
411928FranceThe Passion of Joan of Arc
3%
881994FranceTrois Couleurs: Rouge
3%
901987IranWhere is the Friend's House
3%
941950USAAll About Eve
0%
621974USAA Woman Under the Influence
0%
931995USABefore Sunrise
0%
822004USABefore Sunset
0%
891931USACity Lights
0%
551989USADo the Right Thing
0%
491982SuèdeFanny and Alexander
0%
662012USAIt's Such a Beautiful Day
0%
801962Royaume-UniLawrence of Arabia
0%
762008JaponLove Exposure
0%
771957ItalieNights of Cabiria
0%
671954JaponSansho the Bailiff
0%
791974SuèdeScenes From a Mariage
0%
711924USASherlock, Jr.
0%
681977RussieThe Ascent
0%
742002Royaume-UniThe Pianist
0%
811982USAThe Thing
0%
971957SuèdeWild Strawberries
0%
951957USAWitness for the Prosecution
0%

Distribution des résultats

Percentile par nombre de réponses

% des personnes avec chaque résultat

Votre développement - résultats

Vous n’avez pas pris ce quiz